La filosofia greca e il diritto romano
Guardat en:
| Autor corporatiu: | |
|---|---|
| Format: | Llibre |
| Idioma: | italià |
| Publicat: |
Roma
Accademia Nazionale dei Lincei
1976
|
| Col·lecció: | Problemi Attuali di Scienza e di Cultura, 221
|
| Matèries: | |
| Etiquetes: |
Afegir etiqueta
Sense etiquetes, Sigues el primer a etiquetar aquest registre!
|
MARC
| LEADER | 00000nam a2200000 a 4500 | ||
|---|---|---|---|
| 001 | UCR3607 | ||
| 003 | CL-VaPUC | ||
| 005 | 20241127085258.0 | ||
| 008 | 980128e19760000it 1 ita d | ||
| 082 | 0 | 4 | |a 340.5406 |b COL |2 21 |
| 110 | 2 | |a Colloquio Italo-Francese |e author |9 618719 | |
| 245 | 1 | 3 | |a La filosofia greca e il diritto romano |
| 260 | |a Roma |b Accademia Nazionale dei Lincei |c 1976 | ||
| 300 | |a 2 v | ||
| 490 | 0 | |a Problemi Attuali di Scienza e di Cultura, 221 | |
| 583 | |a last modification |c 20190821 10:54:20 |k Rodrigo Vera | ||
| 600 | 0 | |a Aristóteles, |d 384 a.C.- 322 a.C. |9 194 | |
| 600 | 0 | |a Cicerón, Marco Tulio |e autor |9 255203 | |
| 650 | 0 | 0 | |a Filosofía antigua |9 255705 |
| 650 | 0 | 0 | |a Derecho romano |9 255930 |
| 650 | 0 | 7 | |a DERECHO ANTIGUO |2 CL-VaPUC |9 618720 |
| 650 | 0 | 7 | |a CONFERENCIAS |2 CL-VaPUC |9 618721 |
| 650 | 0 | 0 | |a Imperio Romano |9 322785 |
| 650 | 0 | 0 | |a Jurisprudencia |9 255952 |
| 650 | 0 | 0 | |a Escuelas filosóficas |9 266232 |
| 650 | 0 | 7 | |a HISTORIOGRAFIA JURIDICA |2 CL-VaPUC |9 426217 |
| 942 | |c BK | ||
| 945 | |a crobeson |d 19980128 00:00:00 | ||
| 546 | |a En Italiano | ||
| 536 | |a Accademia Nazionale dei Lincei | ||
| 518 | |p La Filosofia Greca e il Diritto Romano, 1, Roma, 14 al 17 de abril de 1973 | ||
| 999 | |c 383088 |d 383086 | ||
| 952 | |0 0 |1 0 |4 0 |6 340_540600000000000_COL_1976 |7 0 |8 DER_ROM |9 505098 |a BIBDER |b BIBDER |d 2020-01-23 |h v.1 |i 1947311 |l 1 |o 340.5406 COL 1976 |p 1947311 |r 2023-01-25 |s 2020-03-19 |w 2020-01-23 |x Ubicación 4to piso |y BK |z Este recurso debe solicitarse con anticipación |k DER | ||
| 952 | |0 0 |1 0 |4 0 |6 340_540600000000000_COL_1976 |7 0 |8 DER_ROM |9 505099 |a BIBDER |b BIBDER |d 2020-01-23 |h v.2 |i 1947397 |l 1 |o 340.5406 COL 1976 |p 1947397 |r 2023-01-25 |s 2020-03-19 |w 2020-01-23 |x Ubicación 4to piso |y BK |z Este recurso debe solicitarse con anticipación |k DER | ||